000 00750nam a2200217Ia 4500
999 _c36825
_d36825
001 2768
003 GE_BSU
005 20221027141723.0
008 181216s2002ru xx |||||||||||||| ||rus||
020 _a5799007646
040 _cGE_BSU
041 _arus
080 _a343(075.8) К-72
100 _aКостенко,Н.И.
_915588
245 _aМеждународный уголовный суд /
_cН.И. Костенко
264 _aМосква :
_bИзд-во Приор,
_c2002.
300 _a272 стр.:
_b20 см.
653 _aМеждународный уголовный суд
653 _aსისხლის სამართლის საერთაშორისო სასამართლო
942 _cBK
_2udc